000 00855nam a2200265 i 4500
001 10064
003 ES-MaACL
005 20250827050044.0
007 t|
008 950202s1993 sp a |||| |dspa d
020 _a84-7628-101-3
080 _a91.04(46)"17"
100 1 _aFreixa, Consol.
_952471
245 1 4 _aLos ingleses y el arte de viajar
_b: una visión de las ciudades españolas en el siglo XVIII /
_cConsol Freixa.
250 _a1ª ed.
260 _aBarcelona :
_bSerbal,
_c1993.
300 _a159 p. :
_bil. ;
_c26 cm.
490 1 _aLibros del buen andar
650 1 7 _aViajeros británicos-
_zEspaña
_2
_9167646
651 4 _aEspaña-
_xDescripción-
_yS.XVIII.
_98186
651 4 _aEspaña-
_xOpinión extranjera
_98389
830 0 _aLibros del buen andar
_9177977
852 _aES-MaACL
_jL-17528
999 _c10064
_d10064